000
00287nam a22001337a 4500
008
170926b xxu||||| |||| 00| 0 eng d
020
_a
9780944210253
041
_a
eng
080
_a
37
100
_a
46
101
_a
EDU
245
_a
ENGLISH AT HAND
_c
HAYES.CH.G
942
_2
udc
_c
BK
999
_c
30086
_d
30086